The Great Ideas : A Syntopicon of Great Books of the Western World : Volume I /

Guardat en:
Dades bibliogràfiques
Autor principal: Adler, Mortimer J. (edición)
Altres autors: Gorman, William (edición) (edición), Hutchins, Robert Maynard (edición general) (edición general)
Format: Llibre
Idioma:anglès
Publicat: Chicago, EUA : Encyclopaedia Britannica, 1978, c1952
Etiquetes: Afegir etiqueta
Sense etiquetes, Sigues el primer a etiquetar aquest registre!

MARC

LEADER 00000nam^a2200000^a^4500
001 000630065
005 20260415000000.0
009 20260415195725.986
020 |a 0-85229-163-9 
037 |a Acervo ITESO - Biblioteca 
041 |a ING 
091 |a FOB. 04442 
100 |a Adler, Mortimer J.  |e (edición) 
240 1 1 |a [Great Books of the Western World] 
245 1 4 |a The Great Ideas :  |b A Syntopicon of Great Books of the Western World : Volume I / 
264 4 |a Chicago, EUA :  |b Encyclopaedia Britannica,  |c 1978, c1952 
300 |a L, 1082 p. 
336 |a texto  |b txt  |2 rdacontenido 
337 |a sin mediación  |b n  |2 rdamedio 
338 |a volumen  |b nc  |2 rdasoporte 
649 |a XX 
700 |a Gorman, William  |e (edición) 
700 |a Hutchins, Robert Maynard  |e (edición general) 
910 |a Fondo Carlos de Obeso Orendain 
920 |a Impresos - Libros 
930 |a Fondos Especiales 
940 |a Literatura 
905 |a 147 
901 |a 630435-10  |b IT2  |c ESP  |i D  |u 20260415 
902 |a https://opac.biblio.iteso.mx/vufind/Record/000630065